000 00656cam a22002291 4500
001 he 65001494
003 DLC
005 20260227111434.0
008 840326s1965 is 000 0 heb
010 _ahe 65001494
035 _a(OCoLC)19157024
040 _aDLC
_cMH
_dDLC
042 _apremarc
050 0 0 _aHN761.P28
_bM3
100 1 _aManor, Alexander.
245 1 0 _aYitsḥaḳ Ḳanev :
_bha-metakhnen ha-sotsyali.
260 _aTel Aviv :
_bMeḳorot,
_c725 [1965]
300 _a11, 152 p. :
_bports. ;
_c23 cm.
500 _aOn verso of t.p.: Itzhak Kanev, social planner.
600 1 0 _aKanevsky, Isaak,
_d1896-
752 _aIsrael
_dTel Aviv
999 _c31390
_d31390